00835nam a22002417a 45000010005000000030006000050050017000110080041000280200018000690400029000870500015001160820011001311000019001422450042001612600041002033000048002445050008002925200201003005210020005015210020005216500027005416500025005685354FISKH20250116153249.0241127b cb ||||| |||| 00| 0 eng d a9780618934430 aFISKHbengcFISKHdFISKH aQE521.S539 a551.21 aSimon, Seymour aDanger! Volcanoes /cby Seymour Simon aBoston : bHoughton Mifflin ;c2002. a30 pages :bcolro illustrations ;c23 cm .  aS  aIntroduces the facts about volcanoes, what they are, why and how they erupt, different types of volcanoes found around the world, and the effects of some famous eruptions of the twentieth century.8 a790 bLexile 8 aS bRaz-Plus  avolcanoesvNon-fiction aweathervNon-fiction